00262nam a2200109Ia 4500100001500000650003300015245003300048260003400081082001700115300000800132546001200140 aPatil/B.R  aBasic electrical engineering aBasic Electrical Engineering bOxford university pressc2018 a621.392bPAT a646 aENGLISH